[Event "Oberliga Ost-B 2324"]
[Site "Germany"]
[Date "2024.02.25"]
[Round "7.7"]
[White "Schupp, Uwe"]
[Black "Yavorovsky, Valeriy"]
[Result "1-0"]
[WhiteElo "2010"]
[BlackElo "2347"]
[PlyCount "69"]
[EventDate "2023.10.22"]
[EventType "team-tourn"]
[EventRounds "11"]
[EventCountry "GER"]
[SourceTitle "EXT 2025"]
[Source "ChessBase"]
[SourceDate "2024.10.14"]
[SourceVersion "1"]
[SourceVersionDate "2024.10.14"]
[SourceQuality "1"]
[WhiteTeam "Gernsheim"]
[BlackTeam "Oberursel"]
[WhiteTeamCountry "GER"]
[BlackTeamCountry "GER"]

1. Nf3 d5 2. g3 Nf6 3. Bg2 e6 4. c4 Be7 5. 0-0 0-0 6. b3 b6 7. Bb2 Bb7 8. e3 dxc4 9. bxc4 c5 10. Qe2 Nc6 11. d3 Qc7 12. Nc3 Rfd8 13. Rad1 a6 14. Ne1 Na7 15. f4 b5 16. g4 b4 17. Nb1 Bxg2 18. Qxg2 Qc6 19. Nf3 Rab8 20. g5 Ne8 21. Qg4 Qc8 22. Ne5 Nc6 23. Rf3 f5 24. Qh5 Nxe5 25. Rh3 Nf7 26. Qxh7+ Kf8 27. Qg6 Bd6 28. Bxg7+ Nxg7 29. Rh7 Rb7 30. Qxg7+ Ke8 31. g6 Bf8 32. gxf7+ Kd7 33. Qf6 Kc7 34. Qe5+ Kb6 35. Kf2 1-0

[Event "Oberliga Ost-B 2324"]
[Site "Germany"]
[Date "2023.12.03"]
[Round "3.6"]
[White "Roeschlau, Bernd"]
[Black "Schupp, Uwe"]
[Result "0-1"]
[WhiteElo "2217"]
[BlackElo "2062"]
[PlyCount "66"]
[EventDate "2023.10.22"]
[EventType "team-tourn"]
[EventRounds "11"]
[EventCountry "GER"]
[SourceTitle "EXT 2025"]
[Source "ChessBase"]
[SourceDate "2024.10.14"]
[SourceVersion "1"]
[SourceVersionDate "2024.10.14"]
[SourceQuality "1"]
[WhiteTeam "Heusenstamm"]
[BlackTeam "Gernsheim"]
[WhiteTeamCountry "GER"]
[BlackTeamCountry "GER"]

1. d4 d6 2. c4 e5 3. dxe5 dxe5 4. Qxd8+ Kxd8 5. Nf3 f6 6. Rg1 Be6 7. e3 Nd7 8. Nc3 c6 9. g4 a5 10. b3 Nc5 11. Nd2 Nh6 12. Be2 Kc7 13. Bb2 Rd8 14. 0-0-0 Nd3+ 15. Bxd3 Rxd3 16. g5 Nf5 17. Nde4 Rxd1+ 18. Nxd1 Be7 19. f4 exf4 20. gxf6 gxf6 21. Nxf6 fxe3 22. Nd5+ cxd5 23. Bxh8 d4 24. Nb2 Bb4 25. Nd3 Bc3 26. Nf4 Kd6 27. Kc2 Nh4 28. Nxe6 Kxe6 29. Kd1 Kf5 30. Ke2 Ng6 31. Kf3 Nxh8 32. h4 Nf7 33. Ke2 Ne5 0-1

[Event "Oberliga Ost-B 2223"]
[Site "Germany"]
[Date "2023.02.05"]
[Round "7.6"]
[White "Rempel, Patrick"]
[Black "Schupp, Uwe"]
[Result "1-0"]
[WhiteElo "2028"]
[BlackElo "2071"]
[PlyCount "85"]
[EventDate "2022.09.18"]
[EventType "team-tourn"]
[EventRounds "11"]
[EventCountry "GER"]
[SourceTitle "EXT 2025"]
[Source "ChessBase"]
[SourceDate "2024.10.14"]
[SourceVersion "1"]
[SourceVersionDate "2024.10.14"]
[SourceQuality "1"]
[WhiteTeam "Erfurt Empor"]
[BlackTeam "Gernsheim"]
[WhiteTeamCountry "GER"]
[BlackTeamCountry "GER"]

1. Nf3 d6 2. d4 Nf6 3. Nc3 Nbd7 4. e4 c6 5. a4 e5 6. Be2 Be7 7. 0-0 0-0 8. h3 exd4 9. Nxd4 Nc5 10. Bf3 a5 11. Bf4 Re8 12. Re1 Bd7 13. Qd2 Qb6 14. b3 Rad8 15. Rad1 Bc8 16. Bh2 Bf8 17. Qf4 Ne6 18. Nxe6 Bxe6 19. Bg3 Qb4 20. Ne2 Nd7 21. Nd4 Ne5 22. Be2 Ng6 23. Qc1 Bc8 24. Bf1 h6 25. Kh1 Qc5 26. Qb2 Be7 27. c3 Bf6 28. f4 Qb6 29. Nf3 Nf8 30. Qc2 Ne6 31. Bc4 Qc7 32. e5 dxe5 33. Nxe5 Bxe5 34. fxe5 Rxd1 35. Qxd1 Qd8 36. Qe2 Qg5 37. Qf2 Rd8 38. Rf1 Qg6 39. Bh4 Re8 40. Qf3 Rf8 41. Be7 Re8 42. Bd3 Ng5 43. Bxg5 1-0

[Event "GER-CupT 2122 prel7"]
[Site "Augsburg"]
[Date "2022.03.27"]
[Round "2.3"]
[White "Schupp, Uwe"]
[Black "Abergel, Thal"]
[Result "0-1"]
[WhiteElo "2118"]
[BlackElo "2374"]
[PlyCount "92"]
[EventDate "2022.03.26"]
[EventType "team-k.o."]
[EventRounds "2"]
[EventCountry "GER"]
[SourceTitle "EXT 2023"]
[Source "ChessBase"]
[SourceDate "2022.10.05"]
[SourceVersion "1"]
[SourceVersionDate "2022.10.05"]
[SourceQuality "1"]
[WhiteTeam "Gernsheim"]
[BlackTeam "Viernheim"]
[WhiteTeamCountry "GER"]
[BlackTeamCountry "GER"]

1. g3 e5 2. Bg2 Nc6 3. d3 d5 4. a3 Be6 5. b4 Bd6 6. Bb2 Nf6 7. Nd2 Ne7 8. c4 c6 9. Qc2 0-0 10. c5 Bc7 11. Ngf3 Ng6 12. e4 d4 13. 0-0 h6 14. Nc4 Qd7 15. Kh1 Nh7 16. Ng1 f5 17. exf5 Rxf5 18. Nd2 Raf8 19. Ne4 Ng5 20. Rae1 Nxe4 21. Bxe4 R5f6 22. Qe2 Qf7 23. f3 Ne7 24. Bc1 Nd5 25. Bd2 Qd7 26. Kg2 R6f7 27. Bg6 Re7 28. Rf2 Nf6 29. Ref1 Bf5 30. Bxf5 Qxf5 31. Bc1 a5 32. Qa2+ Kh7 33. Qb3 axb4 34. axb4 Nd5 35. Re1 Ref7 36. Ne2 Bd8 37. g4 Qg6 38. Ng3 Bg5 39. Bxg5 Qxg5 40. b5 Ne3+ 41. Rxe3 dxe3 42. Rf1 e2 43. Nxe2 Rxf3 44. Rxf3 Qxg4+ 45. Rg3 Qxe2+ 46. Kh3 Rf2 0-1

[Event "Oberliga Ost-B 2122"]
[Site "Germany"]
[Date "2022.03.05"]
[Round "8.6"]
[White "Neubauer, Andreas"]
[Black "Schupp, Uwe"]
[Result "1-0"]
[WhiteElo "2142"]
[BlackElo "2112"]
[PlyCount "85"]
[EventDate "2021.10.10"]
[EventType "team-tourn"]
[EventRounds "11"]
[EventCountry "GER"]
[SourceTitle "EXT 2023"]
[Source "ChessBase"]
[SourceDate "2022.10.05"]
[SourceVersion "1"]
[SourceVersionDate "2022.10.05"]
[SourceQuality "1"]
[WhiteTeam "Stadtilm Blau Weiss"]
[BlackTeam "Gernsheim"]
[WhiteTeamCountry "GER"]
[BlackTeamCountry "GER"]

1. e4 d6 2. d4 Nf6 3. Nc3 e5 4. Nge2 exd4 5. Nxd4 Be7 6. g3 0-0 7. Bg2 c6 8. 0-0 Re8 9. h3 Bf8 10. Be3 Nbd7 11. Re1 Nc5 12. f3 a5 13. Qd2 Qc7 14. Qf2 g6 15. Nb3 Nfd7 16. Red1 a4 17. Nxc5 Nxc5 18. Bxc5 dxc5 19. f4 Qb6 20. e5 Bf5 21. Rab1 h5 22. Kh2 Qb4 23. Qe2 h4 24. a3 hxg3+ 25. Kxg3 Qa5 26. Be4 Be6 27. Rg1 Bg7 28. h4 Qc7 29. Rbd1 Qb6 30. h5 g5 31. h6 Bh8 32. Qh5 g4 33. Kh4 Qxb2 34. Rg3 Rab8 35. Rb1 Qxa3 36. Nd5 Qa2 37. Nf6+ Kf8 38. Nh7+ Ke7 39. Rd1 Rg8 40. Nf6 Bxf6+ 41. exf6+ Kxf6 42. Qe5+ Ke7 43. f5 1-0

[Event "Erfurt op 28th"]
[Site "Erfurt"]
[Date "2018.12.30"]
[Round "8"]
[White "Woelk, Tom Frederic"]
[Black "Schupp, Uwe"]
[Result "1-0"]
[WhiteElo "2283"]
[BlackElo "2103"]
[PlyCount "77"]
[EventDate "2018.12.26"]
[EventType "swiss"]
[EventRounds "8"]
[EventCountry "GER"]
[SourceTitle "CBM 188 Extra"]
[Source "ChessBase"]
[SourceDate "2019.02.28"]
[SourceVersion "1"]
[SourceVersionDate "2019.02.28"]
[SourceQuality "1"]

1. e4 d6 2. d4 Nf6 3. Nc3 e5 4. Nge2 exd4 5. Nxd4 Be7 6. g3 0-0 7. Bg2 Nc6 8. Nde2 Re8 9. 0-0 a6 10. h3 Rb8 11. f4 Bf8 12. Be3 Na5 13. b3 b5 14. Ba7 Ra8 15. Bf2 Bb7 16. Qd3 c5 17. Nd5 Bxd5 18. exd5 Qd7 19. g4 Nb7 20. Ng3 Kh8 21. a4 g6 22. Be1 Bg7 23. Bc3 c4 24. Qd2 cxb3 25. g5 Ng8 26. Bxg7+ Kxg7 27. cxb3 bxa4 28. Rxa4 Nc5 29. Rc4 a5 30. Qc3+ Kf8 31. f5 Qe7 32. Qh8 Qe3+ 33. Kh2 Re5 34. f6 Nd7 35. Qg7+ Ke8 36. Qxg8+ Nf8 37. Rc7 Qxg5 38. Qxf7+ Kd8 39. Re7 1-0

[Event "Rhein Main op-A 14th"]
[Site "Bad Homburg"]
[Date "2011.06.22"]
[Round "1"]
[White "Hipler, Andreas"]
[Black "Schupp, Uwe"]
[Result "0-1"]
[WhiteElo "1914"]
[BlackElo "2124"]
[PlyCount "106"]
[EventDate "2011.06.22"]
[EventType "swiss"]
[EventRounds "7"]
[EventCountry "GER"]
[SourceTitle "EXT 2012"]
[Source "ChessBase"]
[SourceDate "2011.11.24"]
[SourceVersion "1"]
[SourceVersionDate "2011.11.24"]
[SourceQuality "1"]

1. e4 d6 2. d4 Nf6 3. Nc3 e5 4. dxe5 dxe5 5. Qxd8+ Kxd8 6. Bg5 Be6 7. 0-0-0+ Kc8 8. f3 Nfd7 9. Kb1 f6 10. Be3 Bc5 11. Bxc5 Nxc5 12. g3 Nbd7 13. Bh3 Bf7 14. Nd5 Re8 15. Ne2 c6 16. Ne3 g6 17. Rd6 Kc7 18. Rhd1 Re7 19. c3 Ne6 20. b3 h5 21. Bxe6 Bxe6 22. h4 a5 23. c4 Nb6 24. a4 Rf8 25. R6d3 Nd7 26. Kb2 Nc5 27. R3d2 Rg7 28. Nc1 f5 29. Nd3 Nxd3+ 30. Rxd3 f4 31. gxf4 Rxf4 32. Ng2 Rf6 33. f4 exf4 34. Rf1 f3 35. Rdxf3 Rxf3 36. Rxf3 g5 37. hxg5 Rxg5 38. Ne3 Kd6 39. Rf4 Ke5 40. Rh4 Bg4 41. c5 Kxe4 42. Nc4 Rxc5 43. Nd6+ Kf4 44. Nxb7 Rd5 45. b4 axb4 46. a5 Kg3 47. a6 Bc8 48. Rxb4 Rb5 49. Kc3 h4 50. Nd6 Rxb4 51. Kxb4 Bxa6 52. Nf5+ Kg4 53. Nxh4 Kxh4 0-1

[Event "Hessenliga 1011"]
[Site "Germany"]
[Date "2011.01.23"]
[Round "5.7"]
[White "Schupp, Uwe"]
[Black "Goebel, Andreas"]
[Result "1-0"]
[WhiteElo "2133"]
[BlackElo "2040"]
[PlyCount "150"]
[EventDate "2010.09.26"]
[EventType "team-tourn"]
[EventRounds "9"]
[EventCountry "GER"]
[SourceTitle "EXT 2012"]
[Source "ChessBase"]
[SourceDate "2011.11.24"]
[SourceVersion "1"]
[SourceVersionDate "2011.11.24"]
[SourceQuality "1"]
[WhiteTeam "Bad Nauheim"]
[BlackTeam "Frankfurt BvK II"]
[WhiteTeamCountry "GER"]
[BlackTeamCountry "GER"]

1. Nf3 Nf6 2. g3 g6 3. Bg2 Bg7 4. c4 c5 5. Nc3 Nc6 6. a3 d6 7. Rb1 Bf5 8. d3 Qd7 9. b4 0-0 10. 0-0 b6 11. b5 Na5 12. Nh4 Rac8 13. Nxf5 Qxf5 14. Bd2 Qd7 15. Qa4 Qc7 16. Na2 Nb7 17. Qxa7 d5 18. Qa4 Ra8 19. Qb3 d4 20. a4 Ra7 21. Ra1 Nd7 22. Nc1 e5 23. Ra3 f5 24. Qa2 Re8 25. Nb3 Na5 26. Qc2 h5 27. Rb1 Kh7 28. Qb2 Rb8 29. Qc2 Bf6 30. Qd1 Kg7 31. Qe1 Bd8 32. Rb2 Qd6 33. Bc1 Bc7 34. Qd2 Rh8 35. Qe1 h4 36. e3 hxg3 37. hxg3 Nf6 38. Nxa5 bxa5 39. exd4 cxd4 40. Rbb3 Bb6 41. Ra1 Nd7 42. Ba3 Bc5 43. Qc1 Rb8 44. Bxc5 Nxc5 45. Qa3 Rb6 46. Rbb1 Re7 47. Re1 e4 48. dxe4 d3 49. Qc3+ Qe5 50. Qxe5+ Rxe5 51. Re3 fxe4 52. f3 d2 53. Rd1 Rd6 54. fxe4 Nxa4 55. Re2 Nb2 56. Rdxd2 Rxd2 57. Rxd2 Nxc4 58. Rd7+ Kf6 59. Rc7 Nb6 60. Rc6+ Re6 61. Rc5 Re5 62. Rc6+ Re6 63. Rc1 Re5 64. Rb1 Rc5 65. Bf1 Ke5 66. Bg2 a4 67. Kf2 Rc2+ 68. Kf3 a3 69. Ra1 a2 70. Bf1 Rb2 71. Ke3 Rb1 72. Rxa2 Rxf1 73. Ra6 Rf6 74. Kd3 Rd6+ 75. Ke2 Kxe4 1-0

[Event "Hessenliga 1011"]
[Site "Germany"]
[Date "2010.12.12"]
[Round "4.7"]
[White "Ackermann, Johannes"]
[Black "Schupp, Uwe"]
[Result "0-1"]
[WhiteElo "1938"]
[BlackElo "2133"]
[PlyCount "40"]
[EventDate "2010.09.26"]
[EventType "team-tourn"]
[EventRounds "9"]
[EventCountry "GER"]
[SourceTitle "EXT 2012"]
[Source "ChessBase"]
[SourceDate "2011.11.24"]
[SourceVersion "1"]
[SourceVersionDate "2011.11.24"]
[SourceQuality "1"]
[WhiteTeam "Hofheim II"]
[BlackTeam "Bad Nauheim"]
[WhiteTeamCountry "GER"]
[BlackTeamCountry "GER"]

1. e4 d6 2. d4 Nf6 3. Nc3 e5 4. Nf3 Nbd7 5. Bc4 Be7 6. Ng5 0-0 7. f4 c6 8. Nf3 b5 9. Bd3 b4 10. Ne2 Qb6 11. Be3 Re8 12. Qd2 exd4 13. Bxd4 c5 14. Bf2 Bf8 15. Ng3 Bb7 16. 0-0-0 Rac8 17. Rhe1 Qa5 18. Bc4 Nb6 19. Qd3 Nxc4 20. Qxc4 Ba6 0-1

[Event "Nuremberg LGA Cup 3rd"]
[Site "Nuremberg"]
[Date "2006.09.10"]
[Round "6.29"]
[White "Schupp, Uwe"]
[Black "Lauer, Moritz"]
[Result "0-1"]
[WhiteElo "2042"]
[BlackElo "2260"]
[PlyCount "126"]
[EventDate "2006.09.07"]
[EventType "swiss"]
[EventRounds "7"]
[EventCountry "GER"]
[SourceTitle "EXT 2022"]
[Source "ChessBase"]
[SourceDate "2021.10.06"]
[SourceVersion "1"]
[SourceVersionDate "2021.10.06"]
[SourceQuality "1"]

1. g3 e5 2. Bg2 Nf6 3. c4 c6 4. d3 d5 5. Nd2 h6 6. e4 dxe4 7. dxe4 Be6 8. Ngf3 Qc7 9. 0-0 Nbd7 10. Qc2 a5 11. b3 Bc5 12. a3 0-0 13. Bb2 b5 14. Nh4 b4 15. Nf5 Kh7 16. Qd3 g6 17. Qc2 Rfe8 18. Nh4 Qb6 19. Ndf3 bxa3 20. Bxa3 Reb8 21. Bxc5 Qxc5 22. Rfb1 a4 23. Rxa4 Rxa4 24. bxa4 Qxc4 25. Qxc4 Rxb1+ 26. Qf1 Rxf1+ 27. Kxf1 g5 28. Nf5 Nxe4 29. Ne7 Bd5 30. a5 Nec5 31. Nd2 Bxg2+ 32. Kxg2 Nb8 33. Kf3 Kg7 34. Nf5+ Kg6 35. Ne7+ Kf6 36. Ng8+ Kg7 37. Ne7 h5 38. h4 g4+ 39. Ke3 Kf6 40. Nc8 Ke6 41. Nc4 f6 42. N8b6 Nba6 43. Nc8 Nb4 44. Ke2 Kd7 45. N8b6+ Kc7 46. Ne3 Nb3 47. Nbc4 Nd4+ 48. Kd2 Na6 49. Kc3 Nc5 50. Nd2 Kd6 51. Kc4 f5 52. Kc3 Na6 53. Ndc4+ Ke6 54. Kd3 Nc5+ 55. Kd2 f4 56. Nf1 Kd5 57. Nb6+ Ke4 58. a6 Nxa6 59. Nd7 Kf5 60. Kd3 Ne6 61. Nd2 Nac5+ 62. Nxc5 Nxc5+ 63. Ke2 Ne4 0-1